[Event "U20 Pan-American Chess Championship Open 2023"]
[Site "Sede Social CFCSN - Rua Gen. Oswaldo P. da Veiga, 231 - 3º Andar - Volta Redonda"]
[Date "2023.11.06"]
[Round "1"]
[Board "7"]
[White "Lima, Carlos Eduardo I De Araujo"]
[Black "Tomiello, Lucas Costamilan"]
[Result "0-1"]
[WhiteElo "1857"]
[BlackElo "2279"]
[PlyCount "82"]
[EventDate "2023.11.06"]
[EventRounds "9"]
[EventCountry "BRA"]

1. d4 Nf6 2. Nf3 g6 3. e3 Bg7 4. b3 O-O 5. Bb2 d5 6. Be2 c5 7. O-O cxd4 8. Bxd4 Nc6
9. Bb2 Qc7 10. Na3 Bf5 11. c4 dxc4 12. Nxc4 Rfd8 13. Qc1 Rac8 14. Rd1 Rxd1+ 15. Qxd1
Rd8 16. Qe1 Nd5 17. Bxg7 Kxg7 18. a3 e5 19. Rc1 f6 20. b4 Qe7 21. b5 Nb8 22. Qa5
b6 23. Qe1 Nd7 24. Nfd2 Nc5 25. Qf1 Nc7 26. Nb1 Nxb5 27. Nxe5 Qxe5 28. Bxb5 Nb3 29.
Rc3 Bxb1 30. Rxb3 Bc2 31. Rb1 Bxb1 32. Qxb1 Qf5 33. e4 Qc5 34. Kf1 Rd2 35. Be2 Rc2
36. Qb3 Qc3 37. Qd5 Rd2 38. Qb7+ Kh6 39. f3 Qe3 40. Qa6 Rb2 41. g3 b5  0-1

[Event "U20 Pan-American Chess Championship Open 2023"]
[Site "Sede Social CFCSN - Rua Gen. Oswaldo P. da Veiga, 231 - 3º Andar - Volta Redonda"]
[Date "2023.11.06"]
[Round "1"]
[Board "8"]
[White "Silva, Kaua Marques"]
[Black "Cahuapaza Tarapaca, Leonardo"]
[Result "1-0"]
[WhiteElo "2235"]
[BlackElo "1818"]
[PlyCount "201"]
[EventDate "2023.11.06"]
[EventRounds "9"]
[EventCountry "BRA"]

1. e4 c6 2. d4 d5 3. exd5 cxd5 4. c4 Nf6 5. Nc3 e6 6. Nf3 Nc6 7. cxd5 Nxd5 8. Bc4
Bb4 9. Qd3 O-O 10. a3 Be7 11. O-O Nxc3 12. Qxc3 Bf6 13. Rd1 Bd7 14. Qd3 Ne7 15. Ne5
Bxe5 16. dxe5 Bc6 17. Qe2 Nd5 18. Qh5 f5 19. Be3 Qe8 20. Qxe8 Rfxe8 21. Bc5 Kf7 22.
Rac1 a6 23. g3 Rac8 24. Bb3 Red8 25. Bd6 Nb6 26. Rc3 Be4 27. Rdc1 Rxc3 28. Rxc3 Rc8
29. Rxc8 Nxc8 30. Bc5 Bc6 31. Kf1 g6 32. Ke2 Ne7 33. Ke3 Nd5+ 34. Kd4 Ke8 35. Bd1
Kd7 36. h4 Nc7 37. a4 Nd5 38. b3 Ke8 39. Bd6 Kd7 40. b4 Nb6 41. a5 Nd5 42. h5 Ke8
43. Be2 Kd7 44. h6 Ke8 45. g4 Nf4 46. Bd1 Kd7 47. f3 Nd5 48. Kd3 Nf4+ 49. Ke3 Nd5+
50. Kf2 Nc3 51. Bc2 Bd5 52. Bd3 Bc6 53. Kg3 Nd5 54. Be2 Nc3 55. Bd3 Nd5 56. Bc5 Ke8
57. Bc4 Kf7 58. Kh4 Nc3 59. gxf5 gxf5 60. f4 Bf3 61. Bb3 Be2 62. Be3 Ne4 63. Bc2
Bf3 64. Bd3 Nc3 65. Bd2 Nb5 66. Bc4 Nc7 67. Kg5 Nd5 68. b5 axb5 69. Bxb5 Ne7 70.
Be3 Nc6 71. Bb6 Nb4 72. Bf1 Nd5 73. Bd4 Nb4 74. Bc3 Na6 75. Bd4 Nc7 76. Bd3 Nd5 77.
Bb6 Ne7 78. Bb5 Ng6 79. Bd8 Bd1 80. Bf6 Bf3 81. Bd8 Bd1 82. Bd7 Be2 83. Bb6 Bf3 84.
Bc5 Be2 85. Ba4 Bf3 86. Bb5 Nh8 87. Kh4 Bd5 88. Be2 Kg8 89. Kg5 Nf7+ 90. Kh5 Nd8
91. Bb6 Nf7 92. Bc7 Kh8 93. Bd6 Kg8 94. Be7 Bc6 95. Bc4 Bd7 96. Bb3 Nh8 97. Kg5 Kf7
98. Bf6 Ng6 99. Bd1 Be8 100. Bf3 Bb5 101. Bxb7  1-0

[Event "U20 Pan-American Chess Championship Open 2023"]
[Site "Sede Social CFCSN - Rua Gen. Oswaldo P. da Veiga, 231 - 3º Andar - Volta Redonda"]
[Date "2023.11.06"]
[Round "1"]
[Board "9"]
[White "Reyes Zavaleta, Cristhian Yamil"]
[Black "Piccoli, Lucas Fonseca"]
[Result "0-1"]
[WhiteElo "1804"]
[BlackElo "2225"]
[PlyCount "80"]
[EventDate "2023.11.06"]
[EventRounds "9"]
[EventCountry "BRA"]

1. d4 Nf6 2. c4 e6 3. g3 Bb4+ 4. Bd2 a5 5. Bg2 d5 6. a3 Bxd2+ 7. Nxd2 O-O 8. Ngf3
b6 9. O-O Bb7 10. Ne5 Nbd7 11. Rc1 Nxe5 12. dxe5 Nd7 13. cxd5 exd5 14. Qc2 c5 15.
Nf3 Qe7 16. Rfd1 Rab8 17. Qf5 g6 18. Qf4 d4 19. Re1 Rfe8 20. b4 axb4 21. axb4 Bxf3
22. exf3 Nxe5 23. Bf1 Qd6 24. Bb5 Re6 25. Re4 Rb7 26. Kg2 Kg7 27. h4 h5 28. Rce1
Rbe7 29. Qc1 Qd5 30. Qg5 f5 31. Rf4 Rf7 32. Ra1 c4 33. Ba6 d3 34. Bc8 Ref6 35. g4
hxg4 36. h5 Nxf3 37. h6+ Kh7 38. Rxf3 Qxf3+ 39. Kg1 g3 40. fxg3 f4  0-1

[Event "U20 Pan-American Chess Championship Open 2023"]
[Site "Sede Social CFCSN - Rua Gen. Oswaldo P. da Veiga, 231 - 3º Andar - Volta Redonda"]
[Date "2023.11.06"]
[Round "1"]
[Board "10"]
[White "Vasquez Vargas, Henry Richard"]
[Black "Nascimento, Nicolas Daniel Trindade"]
[Result "1-0"]
[WhiteElo "2216"]
[BlackElo "1797"]
[PlyCount "121"]
[EventDate "2023.11.06"]
[EventRounds "9"]
[EventCountry "BRA"]

1. d4 Nf6 2. Nc3 d5 3. Bf4 c6 4. e3 e6 5. Bd3 Nbd7 6. Nf3 a6 7. O-O c5 8. dxc5 Nxc5
9. a3 Be7 10. b4 Nxd3 11. cxd3 O-O 12. e4 a5 13. b5 a4 14. e5 Nd7 15. Qd2 Nc5 16.
Nd4 f6 17. Rfe1 f5 18. Be3 f4 19. Bxf4 Nxd3 20. Qxd3 Rxf4 21. Nce2 Rf7 22. f4 Bc5
23. Kh1 Bd7 24. f5 Qe7 25. Rad1 Raf8 26. g4 Bc8 27. Nf4 Bxd4 28. Qxd4 Qxa3 29. Rd3
Qe7 30. Qxa4 Qh4 31. Ng2 Qf2 32. Qf4 Qxf4 33. Nxf4 exf5 34. e6 Re7 35. gxf5 Rxf5
36. Nxd5 Rxe6 37. Rxe6 Bxe6 38. Ne7+ Kf7 39. Nxf5 Bxf5 40. Rc3 h5 41. b6 Be4+ 42.
Kg1 Ke6 43. Kf2 g6 44. Ke3 Bd5 45. Kd4 Kd6 46. Rc5 Bf3 47. Rg5 Kc6 48. Rxg6+ Kb5
49. h4 Be2 50. Ke3 Bd1 51. Rh6 Kc5 52. Kf4 Kb5 53. Kg5 Kc5 54. Re6 Bg4 55. Rf6 Kb5
56. Kg6 Kc5 57. Kf7 Kb5 58. Ke7 Kc5 59. Kd8 Kb5 60. Kc7 Ka6 61. Rf1  1-0

[Event "U20 Pan-American Chess Championship Open 2023"]
[Site "Sede Social CFCSN - Rua Gen. Oswaldo P. da Veiga, 231 - 3º Andar - Volta Redonda"]
[Date "2023.11.06"]
[Round "1"]
[Board "11"]
[White "Da Fonseca Pinto, Joao Gabriel Alves"]
[Black "Soriano Quispe, Ivan Excender"]
[Result "0-1"]
[WhiteElo "1762"]
[BlackElo "2214"]
[PlyCount "88"]
[EventDate "2023.11.06"]
[EventRounds "9"]
[EventCountry "BRA"]

1. e4 e5 2. Nf3 Nc6 3. Bb5 a6 4. Ba4 Nf6 5. d3 d6 6. c3 g6 7. Nbd2 Bg7 8. O-O O-O
9. Re1 Re8 10. Nf1 b5 11. Bc2 Bb7 12. Ng3 d5 13. a4 Qd7 14. Bd2 h6 15. h3 Kh7 16.
h4 d4 17. h5 Rad8 18. hxg6+ fxg6 19. axb5 axb5 20. Nh2 Rf8 21. Rf1 Qd6 22. Kh1 Nd7
23. Qc1 dxc3 24. bxc3 Nc5 25. Qb2 Nxd3 26. Bxd3 Qxd3 27. Rad1 Qc4 28. Ng4 Qe6 29.
Ne3 Na5 30. c4 Nxc4 31. Nxc4 Qxc4 32. Rc1 Qe6 33. Rxc7 Rd7 34. Rxd7 Qxd7 35. Bc3
h5 36. Bxe5 h4 37. Bxg7 Qxg7 38. Qxg7+ Kxg7 39. Ne2 Bxe4 40. Nc3 Bc6 41. Kg1 b4 42.
Na2 b3 43. Nb4 Be4 44. f3 b2  0-1

[Event "U20 Pan-American Chess Championship Open 2023"]
[Site "Sede Social CFCSN - Rua Gen. Oswaldo P. da Veiga, 231 - 3º Andar - Volta Redonda"]
[Date "2023.11.06"]
[Round "1"]
[Board "12"]
[White "Ibarra, Juan Martin"]
[Black "Errazola, Mauricio"]
[Result "1-0"]
[WhiteElo "2213"]
[BlackElo "1725"]
[PlyCount "100"]
[EventDate "2023.11.06"]
[EventRounds "9"]
[EventCountry "BRA"]

1. Nf3 Nf6 2. b3 b6 3. g3 Bb7 4. Bg2 g6 5. O-O Bg7 6. Bb2 O-O 7. c4 d6 8. d4 Nbd7
9. Nc3 e5 10. dxe5 Nxe5 11. Nxe5 Bxg2 12. Nxf7 Rxf7 13. Kxg2 Qd7 14. Qd3 Re8 15.
e4 Ng4 16. f3 Ne5 17. Qe2 Qe6 18. Rae1 h5 19. Nd5 Nd3 20. Qxd3 Bxb2 21. Nf4 Qf6 22.
e5 dxe5 23. Qxg6+ Qxg6 24. Nxg6 Kg7 25. Nf4 Kh6 26. Re2 Rd8 27. Ne6 Re8 28. Nxc7
Rxc7 29. Rxb2 e4 30. fxe4 Rxe4 31. Rf6+ Kg7 32. Rf4 Re1 33. Rd2 Rce7 34. Rd5 Ra1
35. Rf2 h4 36. gxh4 Kh6 37. Rd6+ Kh5 38. Rd5+ Kh6 39. Rg5 Re8 40. Kh3 a5 41. Rf6+
Kh7 42. Rf7+ Kh8 43. Rf2 Kh7 44. a4 Rb1 45. Rg3 Rd1 46. Rf5 Kh6 47. c5 Rd6 48. cxb6
Rxb6 49. Rxa5 Rb7 50. Ra6+ Kh7  1-0

[Event "U20 Pan-American Chess Championship Open 2023"]
[Site "Sede Social CFCSN - Rua Gen. Oswaldo P. da Veiga, 231 - 3º Andar - Volta Redonda"]
[Date "2023.11.06"]
[Round "1"]
[Board "13"]
[White "Nascimento, Kaio Vinicius Da Trindade"]
[Black "Labussiere, Yago"]
[Result "1/2-1/2"]
[WhiteElo "1310"]
[BlackElo "2185"]
[PlyCount "100"]
[EventDate "2023.11.06"]
[EventRounds "9"]
[EventCountry "BRA"]

1. d4 Nf6 2. c4 g6 3. Nc3 Bg7 4. e4 d6 5. Be2 O-O 6. f4 Na6 7. Nf3 e5 8. fxe5 dxe5
9. d5 Nc5 10. Qc2 a5 11. Be3 Qe7 12. O-O-O Ng4 13. Bg1 Bh6+ 14. Kb1 Ne3 15. Bxe3
Bxe3 16. d6 Qe6 17. Nd5 Bd4 18. Nxc7 Qxd6 19. Nxa8 Be6 20. Nc7 Qxc7 21. Nxd4 exd4
22. Rxd4 Qe5 23. Rhd1 Qxh2 24. Bf3 Qe5 25. Rd8 g5 26. g4 Rxd8 27. Rxd8+ Kg7 28. b3
Qf6 29. Qb2 Qxb2+ 30. Kxb2 Kf6 31. Rg8 h6 32. Rh8 Ke5 33. Rxh6 Nxe4 34. Rh5 Nf6 35.
Rh6 Ne4 36. Rh5 Nf6 37. Rxg5+ Kf4 38. Rxa5 Kxf3 39. g5 Ne4 40. Rb5 Bc8 41. Re5 Kf4
42. Re8 Bg4 43. Re7 Nxg5 44. Rxb7 f5 45. c5 Ke5 46. Rg7 Ne6 47. Rg8 Nxc5 48. Kc3
Bf3 49. b4 Na4+ 50. Kd3 Be4+  1/2-1/2

[Event "U20 Pan-American Chess Championship Open 2023"]
[Site "Sede Social CFCSN - Rua Gen. Oswaldo P. da Veiga, 231 - 3º Andar - Volta Redonda"]
[Date "2023.11.06"]
[Round "1"]
[Board "14"]
[White "De Siqueira, Luigy Lira"]
[Black "Reyes Zavaleta, Sergio Gabriel"]
[Result "1-0"]
[WhiteElo "2179"]
[BlackElo "1287"]
[PlyCount "100"]
[EventDate "2023.11.06"]
[EventRounds "9"]
[EventCountry "BRA"]

1. e4 e6 2. d4 d5 3. Nd2 c5 4. exd5 exd5 5. Ngf3 Nf6 6. c3 a6 7. Be2 Be6 8. O-O Nc6
9. dxc5 Bxc5 10. Nb3 Ba7 11. Bf4 O-O 12. Qd3 Re8 13. Rad1 Qc8 14. Nfd4 Nxd4 15. Nxd4
Bxd4 16. Qxd4 Bf5 17. Bd3 Bxd3 18. Qxd3 Qc4 19. Qxc4 dxc4 20. Rfe1 Rxe1+ 21. Rxe1
Re8 22. Rd1 h6 23. Kf1 g5 24. Bg3 Ne4 25. Rd5 Nf6 26. Rd4 b5 27. f3 Re6 28. Bf2 Kf8
29. Rd8+ Ke7 30. Ra8 Nd5 31. Bc5+ Kf6 32. g3 Kg6 33. Kf2 Nf6 34. Bd4 Kg7 35. Rb8
Kg6 36. Rc8 Re8 37. Rc6 Re6 38. Rxe6 fxe6 39. Bxf6 Kxf6 40. Ke3 Ke5 41. g4 a5 42.
h3 Kd5 43. f4 gxf4+ 44. Kxf4 e5+ 45. Ke3 Ke6 46. Ke4 Kf6 47. h4 Ke6 48. g5 h5 49.
g6 Kf6 50. g7 Kxg7  1-0

[Event "U20 Pan-American Chess Championship Open 2023"]
[Site "Sede Social CFCSN - Rua Gen. Oswaldo P. da Veiga, 231 - 3º Andar - Volta Redonda"]
[Date "2023.11.06"]
[Round "1"]
[Board "15"]
[White "Andriska, Matheus Jose Amante"]
[Black "Ribeiro, Matheus Mendes Domingues"]
[Result "0-1"]
[WhiteElo "1261"]
[BlackElo "2150"]
[PlyCount "88"]
[EventDate "2023.11.06"]
[EventRounds "9"]
[EventCountry "BRA"]

1. e4 c5 2. Nc3 e6 3. Bc4 Nc6 4. Nge2 Nf6 5. d3 d5 6. exd5 exd5 7. Bb3 Be7 8. O-O
O-O 9. Nf4 d4 10. Ncd5 Nxd5 11. Nxd5 Bd6 12. Bf4 Be6 13. Bxd6 Qxd6 14. Qf3 Ne5 15.
Qe4 f5 16. Ne7+ Kh8 17. Qh4 Bxb3 18. axb3 Rf7 19. f4 Qxe7 20. Qxe7 Rxe7 21. fxe5
Rxe5 22. Rf2 g6 23. g3 Kg7 24. Kg2 a5 25. Raf1 Rae8 26. Ra1 b6 27. Raf1 Re1 28. Rxe1
Rxe1 29. Kf3 Rb1 30. Kf4 Kf6 31. g4 g5+ 32. Kg3 f4+ 33. Kf3 Rxb2 34. Ke4 Ke6 35.
Re2 b5 36. Kf3+ Kd6 37. Ke4 a4 38. bxa4 bxa4 39. Kf5 a3 40. Kxg5 a2 41. Re1 Rb1 42.
Rxb1 axb1=Q 43. Kxf4 Qxc2 44. Ke4 c4  0-1